Statystyki dla Trasa Autobusu 201 Warszawa

Kliknij tutaj aby rozwiązać quiz!

Ogólne statystyki

  • Ten quiz został rozwiązany 5 razy
  • Średni wynik to 7 z 13

Statystyki odpowiedzi

UlicePrzystanki% Poprawnych
ObozowaKoło
100%
DeotymyDeotymy
80%
CiołkaMetro Księcia Janusza
80%
Powstańców ŚląskichNowe Bemowo
80%
DeotymyPark Moczydło
80%
GórczewskaPark Moczydło
80%
Piastów ŚląskichPiastów Śląskich
80%
Księcia BolesławaKsięcia Bolesława
60%
Edmunda Jana OsmańczykaOsmańczyka
60%
Obrońców TobrukuHala Sportowa Bemowo
20%
DeotymyKs. Sitnika
0%
Obrońców TobrukuOs. Leśne
0%
Edmunda Jana OsmańczykaOs. Olszyna
0%

Rozkład punktacji

Percentyl według liczby udzielonych odpowiedzi

Procent ludzi z każdym wynikiem

Twoja historia wyników

Nie rozwiązałeś tego quizu